|
|
|
|
| LEADER |
00986nam a2200313 4500 |
| 001 |
DLU180185151 |
| 005 |
##20180523 |
| 040 |
# |
# |
|a DLU
|b vie
|
| 041 |
# |
# |
|a vie
|
| 044 |
# |
# |
|a vn
|
| 100 |
# |
# |
|a Đào Ngọc Nhiệm.
|
| 245 |
# |
# |
|a Nghiên cứu hấp phụ anion photphat (PO43-) từ dung dịch bằng oxit hỗn hợp CeO2-Al2O3 /
|c Đào Ngọc Nhiệm,...[và những người khác].
|
| 653 |
# |
# |
|a Anionic adsorption
|
| 653 |
# |
# |
|a CeO2-Al2O3 mixed oxide
|
| 653 |
# |
# |
|a Phosphate anion (PO43-)
|
| 700 |
# |
# |
|a Đoàn Trung Dũng.
|
| 700 |
# |
# |
|a Dương Thị Lịm.
|
| 700 |
# |
# |
|a Nguyễn Đức Văn.
|
| 700 |
# |
# |
|a Nguyễn Thị Hà Chi.
|
| 773 |
# |
# |
|t Hóa học
|g Số 3, 2016, tr. 387-390
|
| 920 |
# |
# |
|a Phòng Tạp chí -- Trung tâm Thông tin - Thư viện Trường Đại học Đà Lạt
|
| 994 |
# |
# |
|a DLU
|
| 900 |
# |
# |
|a True
|
| 911 |
# |
# |
|a Hoàng Thị Huyền
|
| 925 |
# |
# |
|a G
|
| 926 |
# |
# |
|a A
|
| 927 |
# |
# |
|a BB
|
| 980 |
# |
# |
|a Thư viện Trường Đại học Đà Lạt
|